[Event "GER-ch U25-C"]
[Site "Willingen"]
[Date "2023.05.29"]
[Round "3"]
[White "Riebienkov, Mark"]
[Black "Geschke, Jonathan"]
[Result "0-1"]
[WhiteElo "1116"]
[BlackElo "1258"]
[PlyCount "34"]
[EventDate "2023.05.27"]
[EventType "swiss"]
[EventRounds "9"]
[EventCountry "GER"]
[SourceTitle "CBM 214 Extra"]
[Source "ChessBase"]
[SourceDate "2023.07.31"]
[SourceVersion "1"]
[SourceVersionDate "2023.07.31"]
[SourceQuality "1"]

1. e4 e5 2. f4 exf4 3. Nf3 Nf6 4. Nc3 d5 5. exd5 Nxd5 6. Nxd5 Qxd5 7. d4 g5 8. c4 Qe4+ 9. Be2 Be7 10. h4 g4 11. c5 gxf3 12. gxf3 Qf5 13. Bd3 Qe6+ 14. Kf2 Qf6 15. Bd2 Qxd4+ 16. Ke2 Bxc5 17. Rf1 Bh3 0-1